| 000 | 00346nam a22000977a 4500 | ||
|---|---|---|---|
| 008 | 230926b |||||||| |||| 00| 0 eng d | ||
| 040 |
_aNational Science Library _cNational Science Library |
||
| 245 | _aRenewable energy experts directory | ||
| 260 |
_aMelbourne: _bCommonwealth Regional Renewable Energy Resources information Systems, |
||
| 942 | _cDIR | ||
| 999 |
_c61974 _d61974 |
||